000 01607cam a2200337 a 4500
999 _c458
_d458
001 140658
003 GZU
005 20200831091235.0
008 970911s1997 ke b 100 0 eng
010 _a 97981026
020 _a9966213112
040 _aDLC
_cDLC
042 _alcode
043 _afe-----
050 0 0 _aBR1360
_b.C84 1996
111 2 _aCUEA Interdisciplinary Session of the Faculty of Theology and the Department of Religious Studies
_n(3rd :
_d1996 :
_cNairobi, Kenya)
245 1 0 _aNew trends for the empowerment of the people :
_bproceedings of the third Interdisciplinary Session of the Faculty of Theology and the Department of Religious Studies, held from 1-3 April 1996 /
_cedited by David Kyeyune.
260 _aNairobi, Kenya :
_bPaulines Publications Africa,
_c1997.
300 _a205 p. ;
_c21 cm.
500 _a"... CUEA Third Interdisciplinary Session of the Faculty of Theology and the Department of Religious Studies, Nairobi, 1-3 April 1996"--Cover.
504 _aIncludes bibliographical references.
650 0 _aChurch and state
_zAfrica, East
_vCongresses.
650 0 _aChristianity and politics
_zAfrica, East
_xCatholic Church
_vCongresses.
650 0 _aChurch and social problems
_zAfrica, East
_xCatholic Church
_vCongresses.
700 1 _aKyeyune, David.
710 2 _aCatholic University of Eastern Africa.
_bFaculty of Theology.
710 2 _aCatholic University of Eastern Africa.
_bDepartment of Religious Studies.
906 _a7
_bcbc
_corigode
_d3
_encip
_f19
_gy-gencatlg
942 _2lcc
_cBK
_h1360
_iNEW
_kBR
_m1997